| 000 | 00779nam a22002297a 4500 | ||
|---|---|---|---|
| 005 | 20240614114849.0 | ||
| 010 | _aENG-140608 | ||
| 020 |
_c789.00 _a9789356067400 |
||
| 035 | _aEN-124140 | ||
| 037 | _bDBAD | ||
| 082 |
_a658 _25 |
||
| 100 |
_aJohnston, Robert _967507 |
||
| 245 |
_aServices Operations Management/ _cBy Robert Johnston...[et.al] |
||
| 250 | _a5 | ||
| 260 |
_aNoida _bPearson India Education Pvt Ltd _c2024 |
||
| 270 |
_a1st Floor, Berger Tower, Plot No. C-001/2, Sector 16B _bNoida _e201301 _mcompanysecretary.india@pearson.com |
||
| 300 |
_axxii,606p. _c25cm(pbk) _bIndex |
||
| 700 |
_aShulver, Michael _eAuthor _967489 |
||
| 700 |
_aSlack, Nigel _eAuthor _967490 |
||
| 700 |
_aClark, Graham _eAuthor _967491 |
||
| 942 |
_2ddc _cEN _h658 _mJOH _e5 |
||
| 999 |
_c203598 _d203598 |
||